| 000 | 02674cam a22003375a 4500 | ||
|---|---|---|---|
| 001 | 016602565 | ||
| 003 | Uk | ||
| 005 | 20161102152912.0 | ||
| 008 | 150529s2014 enkab frb 001 0 eng d | ||
| 015 |
_aGBB578912 _2bnb |
||
| 016 | 7 |
_a016602565 _2Uk |
|
| 020 | _a9781292027845 (pbk.) | ||
| 020 | _a1292027843 (pbk.) | ||
| 040 |
_aStDuBDS _beng _cStDuBDS _dUk _dEG-ScBUE |
||
| 042 | _aukblcatcopy | ||
| 082 | 0 | 4 |
_222 _a616.890231 _bKNE |
| 100 | 1 |
_aKneisl, Carol Ren _941650 |
|
| 245 | 1 | 0 |
_aContemporary psychiatric-mental health nursing / _cCarol Ren Kneisl, Eileen Trigoboff. |
| 250 | _a3rd ed., Pearson new international ed. | ||
| 300 |
_aiv, 788 pages : _billustrations (black and white, and colour), maps (colour) ; _c28 cm. |
||
| 490 | 0 | _aPearson custom library | |
| 500 | _aIndex : p. 775-787. | ||
| 504 | _aIncludes bibliographical references. | ||
| 505 | _a1. Mental Health, Mental Disorder, and Psychiatric-Mental Health Clients: Who Are They? -- 2. Self-Awareness and the Psychiatric-Mental Health Nurse -- 3. The Therapeutic Nurse-Client Relationship Unit II. Theoretical Basis for Psychiatric-Mental Health Nursing Practice -- 4. Theories for Interdisciplinary Care in Psychiatry -- 5. The Biologic Basis of Behavioral and Mental Disorders -- 6. The Science of Psychopharmacology -- 7. Stress, Anxiety, and Coping -- 8. Cultural Competence Unit III. Psychiatric-Mental Health Nursing Processes -- 9. Therapeutic Communication -- 10. Psychiatric-Mental Health Assessment -- 11. Ethics, Clients' Rights, and Legal and Forensic Issues -- 12. Cognitive Disorders -- 13. Substance-Related Disorders -- 14. Schizophrenia -- 15. Mood Disorders -- 16. Anxiety Disorders -- 17. Dissociative, Somatoform, and Factitious Disorders -- 18. Gender Identity and Sexual Disorders -- 19. Eating Disorders -- 20. Personality Disorders Unit V. Vulnerable Populations -- 21. Clients at Risk for Suicide and Self-Destructive Behavior -- 22. Intrafamily Violence: Physical and Sexual Abuse -- 23. Children -- 24. Adolescents -- 25. Elders Unit VI. Intervention Strategies -- 26. Therapeutic Groups -- 27. Family-Focused Interventions -- 28. Cognitive and Behavioral Interventions -- 29. Psychopharmacologic Nursing Interventions -- 30. Recovery and Psychiatric Rehabilitation Strategies -- 31. Complementary, Alternative, and Integrative Healing Practices -- 32. Crisis Intervention -- 33. Anger Management and Intervention in Psychiatric-Mental Health Settings | ||
| 590 | _aWessam | ||
| 650 | 7 |
_aPsychiatric nursing. _2BUEsh _936309 |
|
| 651 | _2BUEsh | ||
| 653 |
_bNNUR _cNovember2016 |
||
| 700 | 1 |
_aTrigoboff, Eileen. _941649 |
|
| 942 |
_2ddc _e22 _k616.890231 KNE |
||
| 999 |
_c23012 _d22984 |
||